000 00511nam a2200193Ia 4500
005 20250508160725.0
008 008 250505s9999 xx 000 0 eng d
037 _aTextual
040 _aFEDL
_beng
_cFEDL
041 _aeng
_2eng
084 _a113, HAL
_qFEDL
100 _aHaldar M K
245 0 _aStudies in whitehead's cosmology
260 _aDelhi, India
_bAtma Ram and Sons
_c1972
300 _a206p.
650 _aPhilosophy
942 _cTEXL
_h113, HAL
999 _c1366244
_d1366244